000 01037cam a2200265 4500
001 45694
003 BD-RjUL
005 20211209054044.0
008 160727s1941 dcuab a f000 0 eng d
035 _a(OCoLC)ocm34256960
035 _a(BD-RjUL)45812
040 _aPR1
_cPR1
_dZCU
_beng
041 _aeng
082 _223
_b330.973 DEV 1941
110 1 _aUnited States.
_bNational Resources Planning Board.
_9139822
245 1 0 _aDevelopment of resources and stabilization of employment in the United States :
_bJanuary 1941 /
_cNational Resources Planning Board.
260 _aWashington, D.C. :
_bU.S. Govt. Print. Off.,
_c[1941]
300 _a3 v. :
_bill. ;
_c29 cm.
505 0 _aI. The federal program for national development.--II. Regional development plans.--III. Functional development policies.
650 0 _aNatural resources.
_9139823
650 0 _aUnemployed
_zUnited States.
_9139824
651 0 _aUnited States
_xEconomic conditions
_y1918-1945.
_9116912
776 1 _cOriginal
_w(DLC) 41050279
942 _2ddc
_cBK
999 _c45694
_d45694